000
00250nam a2200097Ia 4500
008
240625s9999 xx 000 0 und d
041
_a
eng
082
_a
808.20 CHA
100
_a
CHAKRABORTY SHREYASHI
245
_a
PROPOSAL FOR AUTOMATION OF THE HOUSE BUI
999
_c
36098
_d
36098